Indigeneidades contemporáneas: cultura, política y globalización
I tiakina i:
| Ngā kaituhi matua: | , |
|---|---|
| Hōputu: | Pukapuka |
| Reo: | Pāniora |
| I whakaputaina: |
Lima
Instituto de Estudios Peruanos
2010
Lima Instituto Francés de Estudios Andinos 2010 |
| Putanga: | 1a. ed |
| Rangatū: | Lecturas Contemporáneas, 11
|
| Ngā marau: | |
| Ngā Tūtohu: |
Tāpirihia he Tūtohu
Kāore He Tūtohu, Me noho koe te mea tuatahi ki te tūtohu i tēnei pūkete!
|
MARC
| LEADER | 00000cam a2200000 a 4500 | ||
|---|---|---|---|
| 001 | UCF4364 | ||
| 003 | CL-VaPUC | ||
| 008 | 121130e20100300PE |||||||||||||||||spa|d | ||
| 020 | |a 9789972512599 | ||
| 082 | 0 | 4 | |a 980 |b CAD |2 21 |
| 100 | 0 | |a Cadena, Marisol de la |e author |9 565903 | |
| 700 | 0 | |a Starn, Orin |e author |9 565904 | |
| 245 | 1 | 0 | |a Indigeneidades contemporáneas: cultura, política y globalización |
| 250 | |a 1a. ed | ||
| 300 | |a 444 p | ||
| 942 | |c BK | ||
| 945 | |d 20121130 00:00:00 |a dcastane | ||
| 260 | |a Lima |b Instituto de Estudios Peruanos |c 2010 | ||
| 260 | |a Lima |b Instituto Francés de Estudios Andinos |c 2010 | ||
| 650 | 7 | |a INDIGENISMO |2 CL-VaPUC |9 434561 | |
| 650 | 0 | |a Derecho Indiano |9 256266 | |
| 650 | 7 | |a FILOSOFIA POLITICA |2 CL-VaPUC |9 565905 | |
| 650 | 0 | |a Identidad cultural |9 319131 | |
| 651 | 0 | |a América Latina |9 255027 | |
| 583 | |a last modification |c 20121130 23:21:00 |k Rodrigo Vera | ||
| 490 | 0 | |a Lecturas Contemporáneas, 11 | |
| 999 | |c 350171 |d 350169 | ||
| 952 | |0 0 |1 0 |4 0 |6 980_000000000000000_CAD_2010_2010 |7 0 |8 X |9 453388 |a FDOMLP |b FDOMLP |d 2019-11-22 |i 4930231 |o 980 CAD 2010 2010 |p 4930231 |r 2019-11-22 |w 2019-11-22 |y BK_X |k BUD | ||